MARC details
| 000 -LEADER |
| fixed length control field |
01785cam a22004575a 4500 |
| 001 - CONTROL NUMBER |
| control field |
12774026 |
| 003 - CONTROL NUMBER IDENTIFIER |
| control field |
EG-ScBUE |
| 005 - DATE AND TIME OF LATEST TRANSACTION |
| control field |
20210322100046.0 |
| 008 - FIXED-LENGTH DATA ELEMENTS--GENERAL INFORMATION |
| fixed length control field |
020514t2003 nyua f bd 001 0 eng d |
| 020 ## - INTERNATIONAL STANDARD BOOK NUMBER |
| International Standard Book Number |
0816051259 (set) |
| 020 ## - INTERNATIONAL STANDARD BOOK NUMBER |
| International Standard Book Number |
0816051267 (v.1) |
| 020 ## - INTERNATIONAL STANDARD BOOK NUMBER |
| International Standard Book Number |
9780816051267 (v.1) |
| 020 ## - INTERNATIONAL STANDARD BOOK NUMBER |
| International Standard Book Number |
0816051283 (v.2) |
| 020 ## - INTERNATIONAL STANDARD BOOK NUMBER |
| International Standard Book Number |
978081601281 (v.2) |
| 020 ## - INTERNATIONAL STANDARD BOOK NUMBER |
| International Standard Book Number |
0816051275 (v.3) |
| 020 ## - INTERNATIONAL STANDARD BOOK NUMBER |
| International Standard Book Number |
9780816051274 (v.3) |
| 020 ## - INTERNATIONAL STANDARD BOOK NUMBER |
| International Standard Book Number |
0816051291 (v.4) |
| 020 ## - INTERNATIONAL STANDARD BOOK NUMBER |
| International Standard Book Number |
9780816051298 (v.4) |
| 020 ## - INTERNATIONAL STANDARD BOOK NUMBER |
| International Standard Book Number |
0816051305 (v. 5) |
| 020 ## - INTERNATIONAL STANDARD BOOK NUMBER |
| International Standard Book Number |
9780816051304 (v. 5) |
| 040 ## - CATALOGING SOURCE |
| Original cataloging agency |
DLC |
| Language of cataloging |
eng |
| Description conventions |
rda |
| Transcribing agency |
DLC |
| Modifying agency |
DLC |
| -- |
EG-ScBUE |
| 043 ## - GEOGRAPHIC AREA CODE |
| Geographic area code |
e-uk--- |
| 082 04 - DEWEY DECIMAL CLASSIFICATION NUMBER |
| Classification number |
820.9 |
| Item number |
BAC |
| Edition number |
22 |
| 245 00 - TITLE STATEMENT |
| Title |
Backgrounds to English literature. |
| 264 #1 - PUBLICATION, DISTRIBUTION, ETC. (IMPRINT) |
| Place of publication, distribution, etc |
New York, NY : |
| Name of publisher, distributor, etc |
Facts on File, Inc., |
| Date of publication, distribution, etc |
[2003] |
| 264 #4 - PUBLICATION, DISTRIBUTION, ETC. (IMPRINT) |
| Date of publication, distribution, etc |
c2003 |
| 300 ## - PHYSICAL DESCRIPTION |
| Extent |
5 volumes : |
| Other physical details |
illustrations (some color) ; |
| Dimensions |
26 cm |
| 336 ## - CONTENT TYPE |
| Source |
rdacontent |
| Content type term |
text |
| Content type code |
txt |
| 337 ## - MEDIA TYPE |
| Source |
rdamedia |
| Media type term |
unmediated |
| Media type code |
n |
| 338 ## - CARRIER TYPE |
| Source |
rdacarrier |
| Carrier type term |
volume |
| Carrier type code |
nc |
| 500 ## - GENERAL NOTE |
| General note |
English literature in its historical, cultural and social contexts. |
| 500 ## - GENERAL NOTE |
| General note |
Includes glossary. |
| 504 ## - BIBLIOGRAPHY, ETC. NOTE |
| Bibliography, etc |
Includes bibliographical references and index. |
| 505 0# - FORMATTED CONTENTS NOTE |
| Miscellaneous information |
volume 1. |
| Title |
The Renaissance / |
| Statement of responsibility |
Patrick Lee-Browne -- |
| Miscellaneous information |
volume 2. |
| Title |
The romantics / |
| Statement of responsibility |
Neil King -- |
| Miscellaneous information |
volume 3. |
| Title |
The Victorians / |
| Statement of responsibility |
Aidan Cruttenden -- |
| Miscellaneous information |
volume 4. |
| Title |
The modernist period, 1900-1945 / |
| Statement of responsibility |
Patrick Lee-Browne -- |
| Miscellaneous information |
volume 5. |
| Title |
Post-war literature 1945 to the present / |
| Statement of responsibility |
Caroline Merz and Patrick Lee-Browne. |
| 650 #7 - SUBJECT ADDED ENTRY--TOPICAL TERM |
| Topical term or geographic name as entry element |
English literature |
| General subdivision |
History and criticism. |
| Source of heading or term |
BUEsh |
| 9 (RLIN) |
19770 |
| 650 #7 - SUBJECT ADDED ENTRY--TOPICAL TERM |
| Topical term or geographic name as entry element |
Literature and history |
| Geographic subdivision |
Great Britain. |
| Source of heading or term |
BUEsh |
| 9 (RLIN) |
33576 |
| 651 #7 - SUBJECT ADDED ENTRY--GEOGRAPHIC NAME |
| Geographic name |
Great Britain |
| General subdivision |
Civilization. |
| Source of heading or term |
BUEsh |
| 653 ## - INDEX TERM--UNCONTROLLED |
| Arrived date list |
July2015 |
| Resource For college |
Humanities: English |
| 655 ## - INDEX TERM--GENRE/FORM |
| Form subdivision |
Reading book |
| 9 (RLIN) |
34232 |
| 942 ## - ADDED ENTRY ELEMENTS (KOHA) |
| Source of classification or shelving scheme |
Dewey Decimal Classification |
| Call number prefix |
820.9 BAC |
| Koha item type |
Book - Borrowing |